Дело о передаче в Императорскую Академию наук восточных рукописей и гранитного памятника времен Чингисхана с монгольской надпись...

Доступно только в Электронных читальных залах Найти на картеНа карте
RUSMARC
00003624nmc2a22002413x 450
00109ee6418-fbe0-4f7a-a186-93b115e02545
00520251023004451.0
100##$a20250423l18451852k l0rusy0189 ca
1010#$arus
102##$aRU
105##$ay###
1222#$ad
2001#$aДело о передаче в Императорскую Академию наук восточных рукописей и гранитного памятника времен Чингисхана с монгольской надписью. Тут же и о покупке рукописи у бухарца Мулла Расыка Бабажанова
$j6 ноября 1845 г. - 4 ноября 1852 г.
215##$a32 л.
$d36,5х26 см
251##$cДело
300##$aНа обложке указано: "№70"
371##$aДокумент не является опубликованным и широко распространяемым
461#0$10012b5b8419-5ce4-4d16-a7a3-85720a295f1f
$12001
$aКанцелярия министра народного просвещения
$1251
$cФонд
$1852
$j735
462#0$1001562cc287-b13c-4f02-8029-f81535ba1e2e
$12001
$aКанцелярия министра народного просвещения
$1251
$cОпись
$1852
$j2
801#0$aRU
$bРГИА
$c20250423
$gRCR
801#1$aRU
$bГлавНИВЦ
$c20250423
$2rusmarc
801#2$aRU
$bПБ им. Б.Н. Ельцина
$c20251023
$gRCR
$2rusmarc
850##$aРГИА
852##$aРГИА
$eФедеральное казенное учреждение "Российский государственный исторический архив" (РГИА)
$j554
937##$hРГИА
$d12421473
$aASBIBLIO_SCAN
035##$aRusGRCC00085543
856##$uhttp://readingroom.main.prlib.ru/item.aspx?id_node=n198617150&mode=full
Формат отображения